Rethinking strategies for SMEs in order to be successful in the global environment <the> proceedings of 10th international strategic management conference : june 19 - 21, 2014, Rome, Italy
Salvato in:
| Enti autori: | , , , , |
|---|---|
| Altri autori: | |
| Natura: | Libro |
| Lingua: | inglese |
| Pubblicazione: |
[S.l.]
[s.n.]
2014
|
| Soggetti: | |
| Tags: |
Nessun Tag, puoi essere il primo ad aggiungerne!!
|
MARC
| LEADER | 00000nlm a2200000 4500 | ||
|---|---|---|---|
| 001 | 0194841 | ||
| 005 | 20230109125513.9 | ||
| 020 | |a 978-605-86554-2-3 | ||
| 041 | 0 | |a eng | |
| 044 | |a TR | ||
| 245 | 1 | 0 | |a Rethinking strategies for SMEs in order to be successful in the global environment |b <the> proceedings of 10th international strategic management conference : june 19 - 21, 2014, Rome, Italy |c editor Mehtap Özşahỉn |
| 264 | 1 | |a [S.l.] |b [s.n.] |c 2014 | |
| 300 | |a CD-ROM [657, 695 s.] | ||
| 610 | 2 | 0 | |a stratégia podnikateľská |
| 610 | 2 | 0 | |a stratégia podniková |
| 610 | 2 | 0 | |a riadenie strategické |
| 610 | 2 | 0 | |a podnikanie malé |
| 610 | 2 | 0 | |a podnikanie stredné |
| 610 | 2 | 0 | |a globalizácia hospodárstva |
| 610 | 2 | 0 | |a riadenie ľudských zdrojov |
| 610 | 2 | 0 | |a marketing strategický |
| 610 | 2 | 0 | |a manažment znalostný |
| 610 | 2 | 0 | |a manažment inovačný |
| 610 | 2 | 0 | |a riadenie výkonov |
| 610 | 2 | 0 | |a správanie organizačné |
| 610 | 2 | 0 | |a trh medzinárodný |
| 610 | 2 | 0 | |a rozvoj regionálny |
| 610 | 2 | 0 | |a vodcovstvo |
| 610 | 2 | 0 | |a rozvoj trvalo udržateľný |
| 700 | 1 | |a Özşahỉn, Mehtap | |
| 110 | 2 | |a Rethinking strategies for SMEs in order to be successful in the global environment. International conference | |
| 710 | 2 | |a Gebze Institute of Technology | |
| 710 | 2 | |a Yildiz Technical University | |
| 710 | 2 | |a Yale University | |
| 710 | 2 | |a Okan University | |